000 01147nam a2200313Ia 4500
001 ebr10685275
003 CaPaEBR
006 m u
007 cr cn|||||||||
008 130424s2013 utu s 000 0 eng d
010 _z 2013933800
020 _z9781607812586
020 _z9781607812593 (ebook)
040 _aCaPaEBR
_cCaPaEBR
035 _a(OCoLC)840921261
050 1 4 _aPS3602.R49
_bS33 2013eb
100 1 _aBrewin, Mark Jay.
245 1 0 _aScrap iron
_h[electronic resource] /
_cMark Jay Brewin Jr.
260 _aSalt Lake City, UT :
_bUniversity of Utah Press,
_c2013.
300 _avi, 93 p.
490 1 _aThe Agha Shahid Ali prize in poetry
533 _aElectronic reproduction.
_bPalo Alto, Calif. :
_cebrary,
_d2013.
_nAvailable via World Wide Web.
_nAccess may be limited to ebrary affiliated libraries.
650 0 _aAmerican poetry.
650 0 _aPoetry.
655 7 _aElectronic books.
_2local
710 2 _aebrary, Inc.
830 0 _aAgha Shahid Ali prize in poetry.
856 4 0 _uhttp://site.ebrary.com/lib/rucke/Doc?id=10685275
_zAn electronic book accessible through the World Wide Web; click to view
999 _c12950
_d12950